[Event "BRA-ch Amateur U1600"]
[Site "Sao Paulo"]
[Date "2022.06.19"]
[Round "7"]
[White "Peres, Ricardo de Mattia"]
[Black "Caribe Santos, Luiz Carlos"]
[Result "1-0"]
[WhiteElo "1259"]
[BlackElo "1465"]
[PlyCount "85"]
[EventDate "2022.06.16"]
[EventType "swiss"]
[EventRounds "7"]
[EventCountry "BRA"]
[SourceTitle "CBM 208 Extra"]
[Source "ChessBase"]
[SourceDate "2022.07.31"]
[SourceVersion "1"]
[SourceVersionDate "2022.07.31"]
[SourceQuality "1"]

1. e4 c5 2. c3 Nc6 3. d4 cxd4 4. cxd4 e6 5. d5 exd5 6. exd5 Bb4+ 7. Nc3 Ne5 8. Be2 Nf6 9. Bg5 0-0 10. Nf3 d6 11. 0-0 Bxc3 12. bxc3 h6 13. Be3 Bg4 14. h3 Nxf3+ 15. Bxf3 Bxf3 16. Qxf3 b6 17. Rac1 Rc8 18. Rfd1 Rc4 19. Bd4 Nd7 20. Qg3 Nf6 21. Qf3 Re8 22. Bxf6 Qxf6 23. Qxf6 gxf6 24. Rd3 Re2 25. Re3 Rxe3 26. fxe3 b5 27. Kf2 b4 28. Ke2 bxc3 29. Kd3 Ra4 30. Rc2 Kf8 31. Kxc3 Ra3+ 32. Kd4 Ra4+ 33. Kd3 Kg7 34. g3 f5 35. Rc6 Rxa2 36. Rxd6 Rg2 37. Ra6 Rxg3 38. d6 Kf8 39. Rxa7 Ke8 40. Re7+ Kf8 41. Re5 f4 42. d7 Rxe3+ 43. Rxe3 1-0

[Event "Pocos de Caldas op"]
[Site "Pocos de Caldas"]
[Date "2022.03.11"]
[Round "2"]
[White "Caribe Santos, Luiz Carlos"]
[Black "Oliveira, Francisco Evandro S"]
[Result "0-1"]
[WhiteElo "1481"]
[BlackElo "1523"]
[PlyCount "72"]
[EventDate "2022.03.11"]
[EventType "swiss"]
[EventRounds "6"]
[EventCountry "BRA"]
[SourceTitle "CBM 207 Extra"]
[Source "ChessBase"]
[SourceDate "2022.05.31"]
[SourceVersion "1"]
[SourceVersionDate "2022.05.31"]
[SourceQuality "1"]

1. d4 Nf6 2. c4 d6 3. Nc3 g6 4. Nf3 Bg7 5. Bg5 Nbd7 6. e3 0-0 7. Bd3 c6 8. Qc2 Qc7 9. Rc1 e5 10. dxe5 dxe5 11. e4 Nc5 12. Be2 Ne8 13. b4 Ne6 14. Be3 b6 15. h4 f5 16. exf5 gxf5 17. Ng5 Qe7 18. g4 Nxg5 19. Bxg5 Qf7 20. Rd1 fxg4 21. Bd3 Bf5 22. Bxf5 Qxf5 23. Qxf5 Rxf5 24. Ne4 h6 25. Bc1 Nf6 26. Nxf6+ Rxf6 27. h5 Raf8 28. Be3 Rf3 29. Rh4 g3 30. Rd2 e4 31. Rg4 gxf2+ 32. Bxf2 e3 33. Rd7 exf2+ 34. Kf1 R8f7 35. Rd6 Kh7 36. Re4 Rh3 0-1

[Event "Pocos de Caldas op"]
[Site "Pocos de Caldas"]
[Date "2022.03.11"]
[Round "1"]
[White "Dianda, Joao Carlos"]
[Black "Caribe Santos, Luiz Carlos"]
[Result "1-0"]
[WhiteElo "2048"]
[BlackElo "1481"]
[PlyCount "81"]
[EventDate "2022.03.11"]
[EventType "swiss"]
[EventRounds "6"]
[EventCountry "BRA"]
[SourceTitle "CBM 207 Extra"]
[Source "ChessBase"]
[SourceDate "2022.05.31"]
[SourceVersion "1"]
[SourceVersionDate "2022.05.31"]
[SourceQuality "1"]

1. d4 d5 2. c4 e6 3. Nf3 Nf6 4. g3 Be7 5. Bg2 0-0 6. 0-0 Nbd7 7. Nbd2 c5 8. cxd5 exd5 9. b3 cxd4 10. Nxd4 Re8 11. Bb2 Nc5 12. Qc2 Bd7 13. Rad1 Rc8 14. Qb1 Ne6 15. N2f3 h6 16. Nf5 Bf8 17. Qa1 Be7 18. Nxe7+ Qxe7 19. Bxf6 gxf6 20. Rxd5 Ng7 21. Nd4 Bc6 22. Nxc6 Rxc6 23. e3 Rec8 24. Rfd1 R6c7 25. h4 b6 26. Bh3 f5 27. Qd4 Rc2 28. Rd7 Qa3 29. Qf6 Rf8 30. Rd8 Rc8 31. Rxc8 Rxc8 32. Bxf5 Nxf5 33. Qxf5 Rc1 34. Rxc1 Qxc1+ 35. Kg2 Qb2 36. Qg4+ Kh7 37. Qe4+ Kg8 38. Qa8+ Kg7 39. Qxa7 Qf6 40. Qb7 Qe6 41. Qf3 1-0

[Event "Sao Paulo Hebraica op 27th"]
[Site "Sao Paulo"]
[Date "2020.01.12"]
[Round "6"]
[White "Canonico, Rodrigo"]
[Black "Caribe Santos, Luiz Carlos"]
[Result "1-0"]
[WhiteElo "1700"]
[BlackElo "1487"]
[PlyCount "61"]
[EventDate "2020.01.10"]
[EventType "swiss"]
[EventRounds "6"]
[EventCountry "BRA"]
[SourceTitle "CBM 194 Extra"]
[Source "ChessBase"]
[SourceDate "2020.03.31"]
[SourceVersion "1"]
[SourceVersionDate "2020.03.31"]
[SourceQuality "1"]

1. e4 c5 2. d4 cxd4 3. c3 d3 4. Bxd3 Nc6 5. c4 e5 6. Nf3 Bc5 7. Nc3 d6 8. h3 h6 9. 0-0 a6 10. a3 Nf6 11. b4 Bd4 12. Nxd4 Nxd4 13. Nd5 Nxd5 14. exd5 Qh4 15. Be3 0-0 16. Bxd4 Qxd4 17. Re1 f5 18. Qc2 Qh4 19. c5 e4 20. Bf1 Bd7 21. c6 Rac8 22. Qb3 Be8 23. cxb7 Rb8 24. Bxa6 Rf6 25. Rac1 Rg6 26. Rc8 f4 27. Rxe4 Rxg2+ 28. Kxg2 Qg5+ 29. Kh2 Qh4 30. Rexe8+ Kh7 31. Qd3+ 1-0

[Event "Sao Paulo Hebraica op 27th"]
[Site "Sao Paulo"]
[Date "2020.01.12"]
[Round "5"]
[White "Caribe Santos, Luiz Carlos"]
[Black "De Aquino, Leonardo Silva"]
[Result "1/2-1/2"]
[WhiteElo "1487"]
[BlackElo "1709"]
[PlyCount "70"]
[EventDate "2020.01.10"]
[EventType "swiss"]
[EventRounds "6"]
[EventCountry "BRA"]
[SourceTitle "CBM 194 Extra"]
[Source "ChessBase"]
[SourceDate "2020.03.31"]
[SourceVersion "1"]
[SourceVersionDate "2020.03.31"]
[SourceQuality "1"]

1. Nf3 g6 2. g3 d6 3. d4 Bg7 4. Bg2 Nf6 5. 0-0 Bf5 6. c3 d5 7. Qb3 Qc8 8. Ne5 c6 9. Nd2 0-0 10. Ndf3 Nbd7 11. Re1 Nxe5 12. Nxe5 Nd7 13. Nxd7 Qxd7 14. e4 dxe4 15. Bxe4 Bxe4 16. Rxe4 e6 17. Bf4 Qd5 18. Qxd5 cxd5 19. Re2 Rac8 20. Rae1 Rc6 21. Kg2 Rfc8 22. g4 Bf8 23. g5 b5 24. a3 a5 25. Bd2 b4 26. axb4 axb4 27. cxb4 Rc4 28. Bc3 Bxb4 29. Bxb4 Rxb4 30. Rd2 Rcc4 31. Red1 Rb3 32. f3 f6 33. h4 Kf7 34. Ra1 fxg5 35. hxg5 Rcb4 1/2-1/2

[Event "Pinheiros CC-ch"]
[Site "Pinheiros"]
[Date "2019.06.29"]
[Round "11.6"]
[White "Zeituni, Carlos Alberto"]
[Black "Caribe Santos, Luiz Carlos"]
[Result "1-0"]
[WhiteElo "1698"]
[BlackElo "1483"]
[PlyCount "39"]
[EventDate "2019.04.06"]
[EventType "tourn"]
[EventRounds "11"]
[EventCountry "BRA"]
[SourceTitle "EXT 2022"]
[Source "ChessBase"]
[SourceDate "2021.10.06"]
[SourceVersion "1"]
[SourceVersionDate "2021.10.06"]
[SourceQuality "1"]

1. e4 c5 2. Nf3 Nc6 3. Nc3 e6 4. d3 d5 5. Bf4 d4 6. Ne2 Bd6 7. g3 e5 8. Bd2 Bg4 9. Bg2 h6 10. 0-0 Qf6 11. Ne1 g5 12. f3 Be6 13. g4 Nge7 14. Ng3 0-0-0 15. c3 Kb8 16. a3 c4 17. Qa4 cxd3 18. Nxd3 dxc3 19. Bxc3 Bc5+ 20. Nxc5 1-0

[Event "Pinheiros CC-ch"]
[Site "Pinheiros"]
[Date "2019.06.08"]
[Round "9.5"]
[White "Da Rocha, Luiz C Cosenza Vie"]
[Black "Caribe Santos, Luiz Carlos"]
[Result "1/2-1/2"]
[WhiteElo "1415"]
[BlackElo "1483"]
[PlyCount "50"]
[EventDate "2019.04.06"]
[EventType "tourn"]
[EventRounds "11"]
[EventCountry "BRA"]
[SourceTitle "EXT 2022"]
[Source "ChessBase"]
[SourceDate "2021.10.06"]
[SourceVersion "1"]
[SourceVersionDate "2021.10.06"]
[SourceQuality "1"]

1. d4 d5 2. c4 e6 3. Nc3 Nf6 4. cxd5 exd5 5. Bg5 Be7 6. Qc2 0-0 7. e3 h6 8. Bf4 c6 9. Bd3 Bd6 10. Nge2 Qc7 11. 0-0 Nbd7 12. Nb5 cxb5 13. Qxc7 Bxc7 14. Bxc7 a6 15. Rfc1 Nb8 16. Nf4 Nc6 17. Rc5 Be6 18. Nxe6 fxe6 19. Rc3 Rac8 20. Bg3 Nh5 21. Bd6 Rfd8 22. Bc5 Nf6 23. Rac1 Kf7 24. R3c2 Nd7 25. Bd6 Nf6 1/2-1/2

[Event "Pinheiros CC-ch"]
[Site "Pinheiros"]
[Date "2019.05.11"]
[Round "5"]
[White "Venelli, Luiz Gonzaga"]
[Black "Caribe Santos, Luiz Carlos"]
[Result "1/2-1/2"]
[WhiteElo "1569"]
[BlackElo "1483"]
[PlyCount "223"]
[EventDate "2019.04.06"]
[EventType "tourn"]
[EventRounds "11"]
[EventCountry "BRA"]
[SourceTitle "EXT 2020"]
[Source "ChessBase"]
[SourceDate "2019.10.17"]
[SourceVersion "1"]
[SourceVersionDate "2019.10.17"]
[SourceQuality "1"]

1. e4 c5 2. Nf3 e6 3. d4 cxd4 4. Nxd4 Nf6 5. Nc3 Nc6 6. Nb3 Bb4 7. Bd3 d5 8. exd5 Nxd5 9. Bd2 Nxc3 10. bxc3 Be7 11. 0-0 0-0 12. Qh5 g6 13. Qf3 Bf6 14. Rad1 Ne5 15. Qe2 Nxd3 16. cxd3 b6 17. Qf3 Rb8 18. Bh6 Bb7 19. Qf4 e5 20. Qg3 Re8 21. Nd2 Bh4 22. Qe3 Rc8 23. c4 Bf6 24. Ne4 Bxe4 25. Qxe4 Qe7 26. Rfe1 Rcd8 27. Re3 Rd4 28. Qc6 Red8 29. Rf3 Bg7 30. Bxg7 Kxg7 31. Re3 f5 32. g3 R8d6 33. Qa8 Rxc4 34. Rde1 Rc5 35. f4 Rcd5 36. Rxe5 Rxe5 37. Rxe5 Qc7 38. Qe8 Rd7 39. Re2 Qc5+ 40. Kg2 Qd5+ 41. Kh3 Rf7 42. Qe5+ Qxe5 43. fxe5 Rc7 44. d4 Kf7 45. d5 Rc5 46. Rd2 Ke8 47. Kg2 Kd7 48. Kf2 b5 49. Ke3 g5 50. Kd4 Rc4+ 51. Kd3 a5 52. Rb2 Rc5 53. Kd4 Rc4+ 54. Ke3 Rc5 55. Rd2 Rc3+ 56. Kd4 Rc4+ 57. Kd3 Rc5 58. Ke2 h6 59. Ke3 a4 60. Kd4 Rc4+ 61. Ke3 Rc3+ 62. Ke2 Rc5 63. Kd1 Rc3 64. d6 Re3 65. Rd5 b4 66. Rb5 b3 67. axb3 axb3 68. Rb7+ Kd8 69. Re7 Rc3 70. e6 Rd3+ 71. Kc1 Rxd6 72. Rb7 Rxe6 73. Rxb3 Ke7 74. Kd1 Kf6 75. Rb8 Kg6 76. Kd2 Kh5 77. h3 Kg6 78. Rb4 Kf6 79. h4 gxh4 80. Rxh4 Kg5 81. Kd3 Re4 82. Rh1 h5 83. Rh2 Re1 84. Rg2 Kg4 85. Rh2 Rg1 86. Rh4+ Kg5 87. Rh3 Re1 88. Kd2 Re8 89. Rh4 Re4 90. Rh3 Re6 91. Rh4 Re5 92. Kd3 Re1 93. Kd2 Rg1 94. Rh3 Kg4 95. Rh4+ Kg5 96. Rh3 Ra1 97. Ke2 Ra3 98. Kf2 Ra2+ 99. Kf3 Ra3+ 100. Kf2 Ra4 101. Kg2 h4 102. gxh4+ Rxh4 103. Re3 f4 104. Re8 Rg4+ 105. Kf2 Kf5 106. Rf8+ Ke4 107. Re8+ Kf5 108. Rf8+ Ke5 109. Re8+ Kf6 110. Kf3 Rh4 111. Rf8+ Ke5 112. Re8+ 1/2-1/2

[Event "Paulista-ch"]
[Site "Sao Paulo"]
[Date "2018.11.11"]
[Round "5"]
[White "Borger, Daniel"]
[Black "Caribe Santos, Luiz Carlos"]
[Result "1/2-1/2"]
[WhiteElo "1645"]
[BlackElo "1468"]
[PlyCount "155"]
[EventDate "2018.11.09"]
[EventType "swiss"]
[EventRounds "6"]
[EventCountry "BRA"]
[SourceTitle "CBM 187 Extra"]
[Source "ChessBase"]
[SourceDate "2018.11.04"]
[SourceVersion "1"]
[SourceVersionDate "2018.11.04"]
[SourceQuality "1"]

1. e4 c5 2. Nc3 Nc6 3. g3 d6 4. Bg2 Nf6 5. d3 Bg4 6. Nge2 Nd4 7. h3 Bf3 8. 0-0 b5 9. Bxf3 Nxf3+ 10. Kg2 b4 11. Kxf3 bxc3 12. Nxc3 Qd7 13. Kg2 Qc6 14. Be3 e6 15. Qd2 d5 16. exd5 exd5 17. d4 Bd6 18. Kg1 0-0 19. dxc5 Bxc5 20. Bxc5 Qxc5 21. Rad1 Rfd8 22. Qd4 Qc6 23. Rd3 Rd7 24. Rfd1 Rad8 25. Qa4 Qb7 26. Qb5 Qa8 27. Qa5 Qb7 28. Na4 Qc8 29. R3d2 Rc7 30. Nc3 d4 31. Rxd4 Rxd4 32. Rxd4 Rd7 33. Rxd7 Qxd7 34. Qb5 Qc8 35. Nd5 Nxd5 36. Qxd5 h6 37. c4 Qxh3 38. c5 Qc8 39. c6 Qc7 40. Kg2 Kf8 41. Qd7 Qxd7 42. cxd7 Ke7 43. Kf3 Kxd7 44. Ke4 Kd6 45. b4 Kc6 46. a4 a6 47. g4 g6 48. f4 h5 49. gxh5 gxh5 50. Kf5 f6 51. Ke4 h4 52. f5 h3 53. Kf3 h2 54. Kg2 h1Q+ 55. Kxh1 Kd5 56. Kg2 Kc4 57. b5 axb5 58. axb5 Kxb5 59. Kf3 Kc5 60. Ke4 Kc4 61. Ke3 Kd5 62. Kd3 Ke5 63. Ke3 Kxf5 64. Kf3 Ke5 65. Ke3 f5 66. Kf3 f4 67. Kf2 Ke4 68. Ke2 Kf5 69. Kf3 Kg5 70. Kf2 Kg4 71. Kg2 f3+ 72. Kf2 Kf4 73. Kf1 Ke3 74. Ke1 Ke4 75. Kf2 Kf4 76. Kf1 Kg3 77. Kg1 f2+ 78. Kf1 1/2-1/2

[Event "Paulista-ch"]
[Site "Sao Paulo"]
[Date "2018.11.09"]
[Round "2"]
[White "Caribe Santos, Luiz Carlos"]
[Black "Dias, Joao Batista de Sou"]
[Result "0-1"]
[WhiteElo "1468"]
[BlackElo "1891"]
[PlyCount "66"]
[EventDate "2018.11.09"]
[EventType "swiss"]
[EventRounds "6"]
[EventCountry "BRA"]
[SourceTitle "CBM 187 Extra"]
[Source "ChessBase"]
[SourceDate "2018.11.04"]
[SourceVersion "1"]
[SourceVersionDate "2018.11.04"]
[SourceQuality "1"]

1. d4 g6 2. e4 Bg7 3. Nf3 c5 4. c3 b6 5. Be3 Qc7 6. Nbd2 Bb7 7. g3 Nf6 8. d5 d6 9. Bb5+ Nbd7 10. 0-0 0-0 11. Rc1 a6 12. Bd3 b5 13. c4 Ng4 14. b3 b4 15. Re1 Nxe3 16. Rxe3 Bc8 17. Bf1 a5 18. Bh3 a4 19. bxa4 Nb6 20. Bxc8 Rfxc8 21. Nb1 Bh6 22. Qd3 Rxa4 23. Rc2 Bxe3 24. Qxe3 Rca8 25. e5 Rxa2 26. Rxa2 Rxa2 27. Nbd2 Qc8 28. Qh6 Qf8 29. Qh4 f6 30. e6 Rc2 31. Qf4 b3 32. Nxb3 Rxc4 33. Qe3 Nxd5 0-1

[Event "Sao Paulo Karman Cup"]
[Site "Sao Paulo"]
[Date "2018.08.11"]
[Round "4"]
[White "Vianna, Alessandro Ayres"]
[Black "Caribe Santos, Luiz Carlos"]
[Result "1-0"]
[WhiteElo "1579"]
[BlackElo "1490"]
[PlyCount "110"]
[EventDate "2018.08.10"]
[EventType "swiss"]
[EventRounds "6"]
[EventCountry "BRA"]
[SourceTitle "CBM 186 Extra"]
[Source "ChessBase"]
[SourceDate "2018.08.24"]
[SourceVersion "1"]
[SourceVersionDate "2018.08.24"]
[SourceQuality "1"]

1. d4 d5 2. c4 e6 3. Nc3 Nf6 4. cxd5 exd5 5. Bg5 Be7 6. e3 h6 7. Bh4 c6 8. Qc2 0-0 9. Bd3 Re8 10. Nge2 Bd6 11. Rc1 Nbd7 12. Bg3 Bxg3 13. Nxg3 Nb6 14. 0-0 Bd7 15. b3 Rc8 16. Qd2 Be6 17. Rfd1 Qd7 18. Bb1 h5 19. f3 h4 20. Nge2 Bf5 21. a4 Bxb1 22. Rxb1 Qe6 23. Kf2 g5 24. e4 Nh7 25. h3 dxe4 26. Nxe4 f6 27. Nc5 Qe7 28. Nc3 Nd5 29. Nxd5 cxd5 30. Re1 Qc7 31. Rxe8+ Rxe8 32. Re1 Qg3+ 33. Kf1 Rxe1+ 34. Qxe1 Qxe1+ 35. Kxe1 b6 36. Nd7 Kf7 37. Kd2 Ke6 38. Nb8 a5 39. Nc6 Nf8 40. Na7 Ng6 41. Nc8 Nf4 42. Nxb6 Nxg2 43. b4 axb4 44. a5 Kd6 45. a6 Kc6 46. a7 Kxb6 47. a8Q Nf4 48. Qd8+ Kb5 49. Qxf6 Nxh3 50. Qf5 Ng1 51. Qg4 Nxf3+ 52. Qxf3 Ka4 53. Qxd5 g4 54. Qe4 Ka3 55. Qxg4 b3 1-0

[Event "Sao Paulo Karman Cup"]
[Site "Sao Paulo"]
[Date "2018.08.10"]
[Round "2"]
[White "Da Conceicao, Daniel Firmino"]
[Black "Caribe Santos, Luiz Carlos"]
[Result "1-0"]
[WhiteElo "1780"]
[BlackElo "1490"]
[PlyCount "41"]
[EventDate "2018.08.10"]
[EventType "swiss"]
[EventRounds "6"]
[EventCountry "BRA"]
[SourceTitle "CBM 186 Extra"]
[Source "ChessBase"]
[SourceDate "2018.08.24"]
[SourceVersion "1"]
[SourceVersionDate "2018.08.24"]
[SourceQuality "1"]

1. e4 c5 2. Nf3 e6 3. d4 cxd4 4. Nxd4 Nf6 5. Nc3 Nc6 6. Be2 Bb4 7. 0-0 Bxc3 8. bxc3 Nxe4 9. Qd3 Nf6 10. Ba3 Nxd4 11. Qxd4 d5 12. Rfe1 Qc7 13. c4 e5 14. Bd3 e4 15. cxd5 Bd7 16. Bxe4 Kd8 17. Rab1 Rb8 18. Qxa7 Nxe4 19. Rxe4 b6 20. Be7+ Kc8 21. Qa6+ 1-0

[Event "BRA-ch Amateur U1600"]
[Site "Sao Paulo"]
[Date "2018.05.31"]
[Round "1"]
[White "Caribe Santos, Luiz Carlos"]
[Black "Kajiwara, Joao Kazuyuki"]
[Result "1/2-1/2"]
[WhiteElo "1555"]
[BlackElo "1276"]
[PlyCount "100"]
[EventDate "2018.05.31"]
[EventType "swiss"]
[EventRounds "7"]
[EventCountry "BRA"]
[SourceTitle "EXT 2021"]
[Source "ChessBase"]
[SourceDate "2020.10.23"]
[SourceVersion "1"]
[SourceVersionDate "2020.10.23"]
[SourceQuality "1"]

1. d4 Nf6 2. c4 c5 3. e3 cxd4 4. exd4 g6 5. Nc3 Bg7 6. Nf3 0-0 7. Bf4 d6 8. Be2 Nbd7 9. 0-0 Re8 10. h3 Nf8 11. Re1 Ne6 12. Bh2 Bd7 13. Rc1 Rc8 14. Bf1 Nc7 15. Qb3 a6 16. a4 Rb8 17. Bd3 Be6 18. d5 Bc8 19. Qc2 Nd7 20. b4 b6 21. Re2 a5 22. b5 Nc5 23. Ne4 Nxd3 24. Qxd3 Bf5 25. Nd4 Bxd4 26. Qxd4 f6 27. Rce1 e5 28. dxe6 Rxe6 29. g4 Bxe4 30. Rxe4 Rxe4 31. Rxe4 Ne8 32. Re6 Qd7 33. Re3 Qc7 34. Qd5+ Qf7 35. Qe6 Qxe6 36. Rxe6 Rd8 37. Re7 Rc8 38. Re4 Kf7 39. Kg2 Rc5 40. f4 d5 41. cxd5 Rxd5 42. Bg1 Nd6 43. Rd4 Rxd4 44. Bxd4 Nc8 45. Kf3 f5 46. g5 Ke6 47. Ke3 Kd5 48. Kd3 Ke6 49. Bf2 Kd6 50. Kd4 Ne7 1/2-1/2

[Event "World Amateur-ch U1700"]
[Site "Cagliari"]
[Date "2018.04.28"]
[Round "8"]
[White "Caribe Santos, Luiz Carlos"]
[Black "Taddia, Davide"]
[Result "1-0"]
[WhiteElo "1555"]
[BlackElo "1502"]
[PlyCount "97"]
[EventDate "2018.04.22"]
[EventType "swiss"]
[EventRounds "9"]
[EventCountry "ITA"]
[SourceTitle "CBM 184 Extra"]
[Source "ChessBase"]
[SourceDate "2018.06.28"]
[SourceVersion "1"]
[SourceVersionDate "2018.06.28"]
[SourceQuality "1"]

1. d4 c5 2. dxc5 Qa5+ 3. Nc3 Qxc5 4. Nf3 Nf6 5. e4 d6 6. Be2 Bd7 7. 0-0 g6 8. a3 Bg7 9. Be3 Qc8 10. Rb1 0-0 11. Qd2 Bc6 12. Nd5 Bxd5 13. exd5 Nbd7 14. c4 b6 15. b4 a5 16. bxa5 bxa5 17. Bd3 Ng4 18. Bd4 Nge5 19. Nxe5 Nxe5 20. Qc3 Bf6 21. f4 Nd7 22. Rf3 Bxd4+ 23. Qxd4 Qc5 24. Qxc5 Nxc5 25. Bc2 Rfb8 26. Rff1 a4 27. Rb5 Kg7 28. Rfb1 Rxb5 29. cxb5 Ra7 30. Rb4 Rb7 31. Bxa4 Nxa4 32. Rxa4 Rxb5 33. Rd4 Kf6 34. a4 Ra5 35. g4 h6 36. Kf2 e5 37. dxe6 Kxe6 38. Ke3 f5 39. h3 g5 40. gxf5+ Rxf5 41. fxg5 hxg5 42. Rb4 Ra5 43. Kd3 Rf5 44. Ke3 Ra5 45. Re4+ Kf5 46. h4 gxh4 47. Rxh4 Ke6 48. Rh6+ Kd5 49. Rh5+ 1-0

[Event "Montevideo Duchamp Cup 2nd"]
[Site "Montevideo"]
[Date "2018.02.05"]
[Round "6"]
[White "Caribe Santos, Luiz Carlos"]
[Black "Silva Rosas, Natalia"]
[Result "1-0"]
[WhiteElo "1537"]
[BlackElo "1851"]
[PlyCount "67"]
[EventDate "2018.02.02"]
[EventType "swiss"]
[EventRounds "9"]
[EventCountry "URU"]
[SourceTitle "CBM 182 Extra"]
[Source "ChessBase"]
[SourceDate "2018.02.23"]
[SourceVersion "1"]
[SourceVersionDate "2018.02.23"]
[SourceQuality "1"]

1. d4 f5 2. Nf3 g6 3. b3 Bg7 4. Bb2 c5 5. e3 d5 6. Nbd2 Nh6 7. Bb5+ Bd7 8. Qe2 a6 9. Bxd7+ Nxd7 10. 0-0 0-0 11. c4 e6 12. Rac1 Qe7 13. Rfd1 Rfe8 14. h3 Nf7 15. Rc2 cxd4 16. exd4 Ng5 17. Nxg5 Qxg5 18. Nf3 Qf4 19. Bc1 Qe4 20. Qd2 Bh6 21. Qe2 Bxc1 22. Rdxc1 h6 23. Qd2 f4 24. Re1 Qf5 25. Ne5 Nf6 26. cxd5 exd5 27. Rec1 Ne4 28. Qb4 b5 29. Rc7 Ng5 30. Kh2 f3 31. Ng4 Qe6 32. R1c6 Qe2 33. Rxg6+ Kh8 34. Rxh6+ 1-0

[Event "Montevideo Duchamp Cup 2nd"]
[Site "Montevideo"]
[Date "2018.02.04"]
[Round "5"]
[White "Suarez, Pedro Martin"]
[Black "Caribe Santos, Luiz Carlos"]
[Result "1-0"]
[WhiteElo "1798"]
[BlackElo "1537"]
[PlyCount "83"]
[EventDate "2018.02.02"]
[EventType "swiss"]
[EventRounds "9"]
[EventCountry "URU"]
[SourceTitle "CBM 182 Extra"]
[Source "ChessBase"]
[SourceDate "2018.02.23"]
[SourceVersion "1"]
[SourceVersionDate "2018.02.23"]
[SourceQuality "1"]

1. d4 d5 2. c4 e6 3. Nc3 Bb4 4. e3 Nf6 5. Bd3 dxc4 6. Bxc4 0-0 7. Nf3 b6 8. 0-0 Bb7 9. a3 Bxc3 10. bxc3 Nbd7 11. a4 a5 12. Qc2 Ne4 13. Ne1 Ndf6 14. Bd3 Re8 15. f3 Nd6 16. e4 e5 17. Bg5 h6 18. Be3 Nd7 19. d5 Ba6 20. c4 Nc5 21. Bxc5 bxc5 22. Qc3 Qb8 23. Nc2 f6 24. Rab1 Qa7 25. Rb3 Reb8 26. Rxb8+ Qxb8 27. f4 Nf7 28. g3 Bc8 29. Ne3 Qb4 30. Qxb4 cxb4 31. c5 Ba6 32. Bxa6 Rxa6 33. Nc4 h5 34. Kf2 Kf8 35. Ke3 Ke7 36. Kd3 Kd7 37. fxe5 Nxe5+ 38. Nxe5+ fxe5 39. Rf7+ Kc8 40. c6 Kd8 41. Kc4 Rb6 42. Kb3 1-0

[Event "BRA-ch Amateur U1800"]
[Site "Sao Paulo"]
[Date "2017.10.14"]
[Round "6"]
[White "Pereira Fo, Hildebrando Apolon"]
[Black "Caribe Santos, Luiz Carlos"]
[Result "1-0"]
[WhiteElo "1647"]
[BlackElo "1603"]
[PlyCount "67"]
[EventDate "2017.10.12"]
[EventType "swiss"]
[EventRounds "7"]
[EventCountry "BRA"]
[SourceTitle "EXT 2022"]
[Source "ChessBase"]
[SourceDate "2021.10.06"]
[SourceVersion "1"]
[SourceVersionDate "2021.10.06"]
[SourceQuality "1"]

1. c4 Nf6 2. Nc3 e5 3. d3 Be7 4. Nf3 Nc6 5. g3 0-0 6. Bg2 d6 7. 0-0 Rb8 8. a3 a6 9. Bd2 d5 10. cxd5 Nxd5 11. Nxd5 Qxd5 12. Bc3 Qd6 13. Nd2 Bd7 14. Nc4 Qh6 15. Rc1 Bg5 16. e3 Rbd8 17. Nxe5 Nxe5 18. Bxe5 c6 19. Bc7 Rc8 20. Bb6 Rfe8 21. Rc2 Re6 22. Re1 Rce8 23. Be4 g6 24. Bf3 f5 25. d4 f4 26. d5 fxg3 27. hxg3 Rxe3 28. Bxe3 Rxe3 29. dxc6 Rxe1+ 30. Qxe1 Bxc6 31. Bxc6 Qg7 32. Bd5+ Kh8 33. Rc7 Bd8 34. Rxb7 1-0